00340 2200145 4500001002100000005001500021035002000036245004900056100001200105300001200117260003100129082000800160084001400168990001200182INLIS00000000000211520250527110251 a0010-05250004071 aSejarah Ringkas Pahlawan Nasional /cWinarno0 aWinarno a121 hlm aJakarta :bErlangga,c2002 a900 a900 WIN s a0713126